La reproducción de la fuerza de trabajo y la salud /

Αποθηκεύτηκε σε:
Λεπτομέρειες βιβλιογραφικής εγγραφής
Κύριος συγγραφέας: Diercksens, Wim
Μορφή: Κείμενο
Θέματα:
Ετικέτες: Προσθήκη ετικέτας
Δεν υπάρχουν, Καταχωρήστε ετικέτα πρώτοι!

MARC

LEADER 00000 a a2200000 04500
001 47452
003
040
090 |a REV0857 5 (13) 1979  
100 |a Diercksens, Wim  
245 |a La reproducción de la fuerza de trabajo y la salud /  |c Wim Diercksens  
650 |a SALUD  
650 |a TRABAJO  
650 |a FAMILIA  
650 |a POLITICA DE SALUD  
650 |a CLASE OBRERA  
773 |g volumen5, número13, mayo-agosto (1979)  
999 |c 39667  |d 39667